000 01142aas a2200241 4500
999 _c4150
_d4150
003 BR-BrBNA
005 20230317234021.0
007 ta
008 230119b bl ||||| |||| 00| 0 por d
022 _a1020-6671
035 _a000485-5
040 _aBR-BrBNA
_bEng
_cBR-BrBNA
042 _aN
044 _abl
245 _aFood and Environmental Protection Newsletter
_bFAO/IAEA
_cFood and Agriculture Organization of the United NationsOrganizacion de las Naciones Unidas para la Agricultura y la AlimentacionOrganization des Nations Unies pour l'Alimentation et l'Agriculture
260 _aVienna, AT
_bFAO/IAEA Division of Nuclear Techniques in Food and Agriculture; FAO/IAEA Agriculture and Biotechnology Laboratory, Seibersdorf
_c1999
_eAT
270 _aInternational Atomic Energy Agency - Wagramer Strasse 5, P.O. Box 5, A-1400 Vienna, Austria; WED SITES: http:/www.iaea.org/worldatom; http:/www.fao.org
310 _asemestral (duas vezes por ano
505 _a1999 2(2); 2001 3(1,2); 2002 4(1,2); 2003 5(1,2); 2004 6(1,2)-7(1);
650 1 2 _gALIMENTACAO; PROTECAO AMBIENTAL; MEIO AMBIENTE
909 _a56
_bSergio Santos
_c56
_dSergio Santos
942 _cCR
_2AGRIS